Arabic cuisines - Statistics

General Stats
  • This quiz has been taken 33 times
  • The average score is 4 of 7
Answers on the Grid
Answers color-coded by a green-red scale on the quiz's grid according to % correct below.
Biryani
Waraq Enab
Foul Mudamas
Ramen
Tikka masala with rice
Tabboleh
Mandi
Ghormeh Sabzi
Doner kebab
Koskos
Balaleet
Msakhan
 
Answer Stats
Answer % Correct
Waraq Enab
88%
Tabboleh
73%
Koskos
58%
Msakhan
58%
Foul Mudamas
50%
Mandi
42%
Balaleet
19%
No matching quizzes found
Score Distribution
Percent of People with Each Score
Percentile by Number Answered
Your Score History
You have not taken this quiz